000 02819cam a2200421 i 4500
001 ocn602010525
005 20250205130742.0
006 m o d
007 cr bn||||||abp
007 cr bn||||||ada
008 100406s1964 enka o 000 0 eng d
020 _a9781483199979
_q(electronic bk.)
020 _a1483199975
_q(electronic bk.)
020 _a1483225003
020 _a9781483225005
040 _aKO
_beng
041 0 _aeng
082 0 4 _a623.854
100 1 _aBennett, Alfred John Stevens.
245 1 0 _aShip fire prevention /
_cA.J.S. Bennett.
260 _aOxford :
_bPergamon Press ;
_aNew York :
_bMacmillan,
_c1964.
300 _a1 online resource (xvii, 157 pages) :
_billustrations (some color)
338 _aonline resource
490 1 _aThe Commonwealth and international library of science, technology, engineering, and liberal studies : Marine engineering division ;
_vv. 1
505 0 _aFront Cover; Ship Fire Prevention; Copyright Page; Table of Contents; ACKNOWLEDGEMENTS; UNITS; PREFACE; INTRODUCTION; PART ONE:MATERIALS AND METHODS; CHAPTER 1. DETAILS OF FIRE-FIGHTING EQUIPMENT; A. GENERAL; B. FIRST AID EXTINGUISHERS; C. MAJOR EQUIPMENT; D. BREATHING APPARATUS AND PROTECTIVE CLOTHING; CHAPTER 2. FIRE PUMPS; DUAL PURPOSE AND SINGLE PURPOSE PUMPS; TYPES OF FIRE PUMPS; PRINCIPLES OF THE CENTRIFUGAL PUMP; ESTIMATION OF HEAD; TYPES OF PRIMING DEVICE; NON SELF-PRIMING PUMPS; SUBMERSIBLE PUMPS; THE WORTHINGTON SIMPSON EMERGENCY SUBMERSIBLE FIRE AND BILGE PUMP
505 8 _aGAS TURBINE DRIVEN EMERGENCY PUMPSCHAPTER 3. THE EFFECT OF FREE WATER ON SHIP STABILITY; EFFECT ON METACENTRIC HEIGHT; LARGE ANGLES OF HEEL; PRACTICAL CONSIDERATIONS; TRIM; 4. EXTRACTS FROM RULES AND REGULATIONS; PASSENGER SHIPS; ELECTRICAL RULES; AMERICAN RULES; PART TWO:ENGINEERING ASPECTS; 5. ANTI-FIRE DATA FOR FUELS; SPONTANEOUS COMBUSTION; MEASUREMENTS RELATING TO FIRE RISK; FLAMMABILITY; CHAPTER6. PROTECTION OF STEAM RAISING PLANT; FIRES IN BOILER ROOMS; FIRES IN GAS HEAT EXCHANGERS; CHAPTER 7. PREVENTION OF EXPLOSIONS; STATIC ELECTRICITY; CRANKCASE FIRE RISK; PROTECTION IN TANKERS
505 8 _aLIQUID GAS CARRIERSCHAPTER 8. SHIPS IN PORT; FIRE BRIGADES; SPECIFIC CASES OF FIRES; CONCLUSION; QUESTIONS; ANSWERS TO QUESTIONS; INDEX
546 _aEnglish.
650 0 _aShips
_xFires and fire prevention.
650 6 _aNavires
_xIncendies et pr�evention des incendies.
_0(CaQQLa)201-0115568
650 7 _aShips
_xFires and fire prevention.
_2fast
_0(OCoLC)fst01116489
830 0 _aCommonwealth and international library of science, technology, engineering, and liberal studies : Marine engineering division ;
_vv. 1.
856 _uhttps://www.sciencedirect.com/science/book/9781483199979
904 _aRUDRA_R
905 _aR_RANJAN
942 _2ddc
_cEB
999 _c3348
_d3348